O menino no espelho (Record no. 182205)

MARC details
000 -LÍDER
campo de controle de tamanho fixo 00349 a2200169 4500
001 - NÚMERO DE CONTROLE
campo de controle 182205
020 ## - ISBN - INTERNATIONAL STANDARD BOOK NUMBER
ISBN - International Standard Book Number 82-0684
040 ## - FONTE DA CATALOGAÇÃO
Instituição que transcreveu o registro Magnum
100 ## - ENTRADA PRINCIPAL--NOME PESSOAL
Nome pessoal Sabino, Fernando
240 10 - TÍTULO UNIFORME
Título uniforme O menino no espelho
Idioma da obra por
245 10 - TÍTULO
Título O menino no espelho
300 ## - DESCRIÇÃO FÍSICA
Extensão 196
362 0# - DATAS DE PUBLICAÇÃO E/OU DESIGNAÇÃO SEQUENCIAL
Datas de publicação e/ou designação sequencial 1986
440 #1 - DECLARAÇÃO DE SÉRIE/ENTRADA ADICIONADA--TÍTULO
Título Record
697 ## - ENTRADA DE ASSUNTO LOCAL--ENTIDADE COLETIVA (RLIN)
Nome corporativo ou nome da jurisdição LITERATURA GERAL
942 ## - ELEMENTOS DE ENTRADA ADICIONADOS (KOHA)
Tipo de material Koha Livros
Holdings
Situação do descarte Situação das perdas Situação física Não pode ser emprestado Biblioteca de origem Biblioteca atual Data de aquisição Total de empréstimos Número de chamada completo Código de barras Data de último acesso Data do preço efetivo Tipo de material Koha
        Magnum Magnum 08/06/2024   869.4.45 MAG00032964 08/06/2024 08/06/2024 Livros